<?xml version="1.0" encoding="UTF-8"?>
<record
    xmlns:xsi="http://www.w3.org/2001/XMLSchema-instance"
    xsi:schemaLocation="http://www.loc.gov/MARC21/slim http://www.loc.gov/standards/marcxml/schema/MARC21slim.xsd"
    xmlns="http://www.loc.gov/MARC21/slim">

  <leader>06055nam a22004217a 4500</leader>
  <controlfield tag="003">CHAP</controlfield>
  <controlfield tag="005">20250121123958.0</controlfield>
  <controlfield tag="007">ta</controlfield>
  <controlfield tag="008">230823s2023    mx ado|fom||| 001 0 spa d</controlfield>
  <datafield tag="040" ind1=" " ind2=" ">
    <subfield code="e">rda</subfield>
  </datafield>
  <datafield tag="041" ind1=" " ind2=" ">
    <subfield code="a">spa</subfield>
    <subfield code="b">eng</subfield>
  </datafield>
  <datafield tag="100" ind1="1" ind2=" ">
    <subfield code="9">187748</subfield>
    <subfield code="a">San Agust&#xED;n Alc&#xED;var, Hugo Enrique</subfield>
  </datafield>
  <datafield tag="245" ind1="1" ind2="0">
    <subfield code="a">Proceso de certificaci&#xF3;n kosher para Xochicualli productos naturales SAS de C.V. / </subfield>
    <subfield code="c">Hugo Enrique San Agust&#xED;n Alc&#xED;var</subfield>
  </datafield>
  <datafield tag="264" ind1=" " ind2=" ">
    <subfield code="a">Chapingo, M&#xE9;xico :</subfield>
    <subfield code="b">El autor,</subfield>
    <subfield code="c">2023</subfield>
  </datafield>
  <datafield tag="300" ind1=" " ind2=" ">
    <subfield code="a">1 recurso en l&#xED;nea (vii, 39 p&#xE1;ginas) :</subfield>
    <subfield code="b">ilustraciones, tablas, gr&#xE1;ficas, fotos</subfield>
  </datafield>
  <datafield tag="336" ind1=" " ind2=" ">
    <subfield code="2">rdacontent</subfield>
    <subfield code="a">texto</subfield>
    <subfield code="b">txt</subfield>
  </datafield>
  <datafield tag="337" ind1=" " ind2=" ">
    <subfield code="2">rdamedia</subfield>
    <subfield code="a">computadora</subfield>
    <subfield code="b">c</subfield>
  </datafield>
  <datafield tag="338" ind1=" " ind2=" ">
    <subfield code="2">rdacarrier</subfield>
    <subfield code="a">recurso en l&#xED;nea</subfield>
    <subfield code="b">cr</subfield>
  </datafield>
  <datafield tag="502" ind1=" " ind2=" ">
    <subfield code="a">Informe de Estancia Preprofesional </subfield>
    <subfield code="b">IA</subfield>
    <subfield code="c">Agroindustrias</subfield>
    <subfield code="d">2023</subfield>
    <subfield code="g">LIC</subfield>
  </datafield>
  <datafield tag="504" ind1=" " ind2=" ">
    <subfield code="a">Bibliograf&#xED;a: p&#xE1;ginas 36-37</subfield>
  </datafield>
  <datafield tag="520" ind1="3" ind2=" ">
    <subfield code="a">El proyecto est&#xE1; enfocado en apoyar a la empresa &#x201C;Xochicualli Productos Naturales SAS de CV&#x201D; en la obtenci&#xF3;n de la certificaci&#xF3;n Kosher y en su desarrollo como empresa procesadora de productos 100 % naturales y nutritivos, para ello se trabaj&#xF3; en una investigaci&#xF3;n que permitiera comprender la forma de llevar a cabo dicha certificaci&#xF3;n y su importancia. La certificaci&#xF3;n Kosher tiene relaci&#xF3;n con el cumplimiento de la ley diet&#xE9;tica jud&#xED;a y actualmente se le conoce como sin&#xF3;nimo de limpieza, pureza y calidad; es decir, obtener la Certificaci&#xF3;n Kosher permite ampliar el mercado de consumidores, ser reconocido como producto saludable, dar posibilidad de entrar a tiendas exclusivas como son las tiendas kosher. Debido a que el proceso de certificaci&#xF3;n es m&#xE1;s extenso que el periodo de la Estancia Preprofesional solo pudo trabajarse en un planteamiento general y posteriormente iniciar con los prerrequisitos. Como parte de mi trabajo en los prerrequisitos tuve participaci&#xF3;n en un proyecto llamado &#x201C;Mejora continua&#x201D; dirigido por la empresa consultora &#x201C;Grupo CADIHSC&#x201D;. Dicha empresa est&#xE1; dirigida por los mismos directivos de &#x201C;Xochicualli Productos Naturales SAS de CV&#x201D; pero est&#xE1; enfocada a dar capacitaci&#xF3;n y asesor&#xED;a sobre &#xE1;mbitos de producci&#xF3;n, administraci&#xF3;n, etc. a otras empresas relacionadas con alimentos. La participaci&#xF3;n en el proyecto de mejora continua permiti&#xF3; adquirir experiencia en las diversas situaciones con las que uno se puede encontrar durante el manejo de alimentos y al momento de trabajar en equipo dentro de una empresa, tambi&#xE9;n permiti&#xF3; ganar conocimiento de lo que es el programa &#x201C;Moderniza&#x201D;, de forma que dichos conocimientos se pusieran en pr&#xE1;ctica para la mejora de &#x201C;Xochicualli Productos Naturales SAS de CV&#x201D;. Por otra parte, se recomienda a la empresa seguir brindando capacitaci&#xF3;n al personal, continuar con la b&#xFA;squeda de establecimientos como restaurantes, bares, etc., que sirvan como consumidores fijos de forma que se permita el incremento de la producci&#xF3;n y con ello el crecimiento de la planta y, no descuidar la parte de ventas en l&#xED;nea que actualmente tiene gran demanda, para as&#xED; poder hacer los gastos necesarios para cubrir la Certificaci&#xF3;n Kosher.</subfield>
  </datafield>
  <datafield tag="520" ind1="3" ind2=" ">
    <subfield code="a">The project is focused on supporting the company "Xochicualli Productos Naturales SAS de CV" in obtaining Kosher certification and in its development as a company that processes 100% natural and nutritious products. way to carry out said certification and its importance. Kosher certification is related to compliance with Jewish dietary law and is currently known as synonymous with cleanliness, purity and quality. In other words, obtaining the certification will allow expanding the consumer market, being recognized as a healthy product, giving the possibility of entering exclusive stores such as kosher stores. Due to the fact that the certification process is longer than the period of the Pre-professional Stay, it was only possible to work on a general approach and then start with the prerequisites. As part of my work on the prerequisites, I participated in a project called "Continuous improvement" directed by the consulting company "Grupo CADIHSC". Said company is directed by the same directors of "Xochicualli Productos Naturales SAS de CV" but is focused on providing training and advice on the field of production, administration, etc. to other food-related companies. Participation in the continuous improvement project was able to gain experience of the various situations that one may encounter during food handling and when working as a team within a company, it also allowed gaining knowledge of what the &#x201C;Moderniza&#x201D; program is, so that Said knowledge was put into practice for the improvement of "Xochicualli Productos Naturales SAS de CV". On the other hand, it is recommended that the company continue providing training to the staff, continue with the search for establishments such as restaurants, bars, etc., that serve as fixed consumers in a way that allows the increase in production and with it the growth of the business, and not neglecting the part of online sales that is currently in great demand, in order to be able to make the necessary expenses to cover the Kosher Certification.</subfield>
  </datafield>
  <datafield tag="650" ind1="1" ind2="3">
    <subfield code="9">187929</subfield>
    <subfield code="a">Comida Kosher</subfield>
    <subfield code="2">atg</subfield>
  </datafield>
  <datafield tag="650" ind1="1" ind2="3">
    <subfield code="9">58836</subfield>
    <subfield code="a">Inocuidad alimentaria</subfield>
    <subfield code="2">atg</subfield>
  </datafield>
  <datafield tag="650" ind1="1" ind2="3">
    <subfield code="9">148349</subfield>
    <subfield code="a">Buenas pr&#xE1;cticas de fabricaci&#xF3;n  </subfield>
    <subfield code="2">atg</subfield>
  </datafield>
  <datafield tag="650" ind1="1" ind2="3">
    <subfield code="9">142715</subfield>
    <subfield code="a">Buenas pr&#xE1;cticas de higiene</subfield>
    <subfield code="2">atg</subfield>
  </datafield>
  <datafield tag="650" ind1="1" ind2="3">
    <subfield code="9">163072</subfield>
    <subfield code="a">Peque&#xF1;as y medianas empresas  </subfield>
    <subfield code="x">Certificaci&#xF3;n</subfield>
    <subfield code="2">atg</subfield>
  </datafield>
  <datafield tag="650" ind1="1" ind2="3">
    <subfield code="9">187930</subfield>
    <subfield code="a">Kosher foods</subfield>
    <subfield code="2">atg</subfield>
  </datafield>
  <datafield tag="650" ind1="1" ind2="3">
    <subfield code="9">148388</subfield>
    <subfield code="a">Food safety  </subfield>
    <subfield code="2">atg</subfield>
  </datafield>
  <datafield tag="650" ind1="1" ind2="3">
    <subfield code="9">148471</subfield>
    <subfield code="a">Good manufacturing practices  </subfield>
    <subfield code="2">atg</subfield>
  </datafield>
  <datafield tag="650" ind1="1" ind2="3">
    <subfield code="9">156610</subfield>
    <subfield code="a">Good hygiene practices  </subfield>
    <subfield code="2">atg</subfield>
  </datafield>
  <datafield tag="650" ind1="1" ind2="3">
    <subfield code="9">163073</subfield>
    <subfield code="a">Small and medium enterprises</subfield>
    <subfield code="x">Certification</subfield>
    <subfield code="2">atg</subfield>
  </datafield>
  <datafield tag="700" ind1="1" ind2=" ">
    <subfield code="9">151434</subfield>
    <subfield code="a">Szymanski Duque, Rosa Guadalupe</subfield>
    <subfield code="e">directora</subfield>
  </datafield>
  <datafield tag="700" ind1="1" ind2=" ">
    <subfield code="a">Reyna Izaguirre, Diana Am&#xE9;rica</subfield>
    <subfield code="e">asesora</subfield>
    <subfield code="9">147338</subfield>
  </datafield>
  <datafield tag="700" ind1="1" ind2=" ">
    <subfield code="9">113948</subfield>
    <subfield code="a">Toriz Robles, Nancy</subfield>
    <subfield code="e">asesora</subfield>
  </datafield>
  <datafield tag="856" ind1="4" ind2="0">
    <subfield code="u">http://10.13.5.2/tesis/tl/1412321-9_San_Agustin_Alcivar_Hugo_Enrique.pdf</subfield>
    <subfield code="y">DESCARGAR PDF</subfield>
  </datafield>
  <datafield tag="942" ind1=" " ind2=" ">
    <subfield code="2">Clasificaci&#xF3;n Universidad Aut&#xF3;noma Chapingo</subfield>
    <subfield code="c">TD</subfield>
  </datafield>
  <datafield tag="999" ind1=" " ind2=" ">
    <subfield code="c">219100</subfield>
    <subfield code="d">219100</subfield>
  </datafield>
  <datafield tag="952" ind1=" " ind2=" ">
    <subfield code="0">0</subfield>
    <subfield code="1">0</subfield>
    <subfield code="2">local</subfield>
    <subfield code="4">0</subfield>
    <subfield code="7">0</subfield>
    <subfield code="8">TesDigL</subfield>
    <subfield code="a">IA_</subfield>
    <subfield code="b">IA_</subfield>
    <subfield code="c">E_L</subfield>
    <subfield code="d">2023-08-23</subfield>
    <subfield code="e">El autor</subfield>
    <subfield code="l">0</subfield>
    <subfield code="p">1201013752</subfield>
    <subfield code="r">2023-08-23 00:00:00</subfield>
    <subfield code="w">2023-08-23</subfield>
    <subfield code="y">TD</subfield>
  </datafield>
</record>
